Tilastot visalle Urheiluvuosi 2023

Klikkaa tästä pelataksesi tätä visaa!

Yleistilastot

  • Tätä visaa on pelattu 56 kertaa
    (55 viimeisimmän päivityksen jälkeen)
  • Keskiarvotulos 16 / 45

Vastaustilastot

pvmkilpailuurheilija% Oikein
3.3.hiihdon MM:
4x10 km viesti
Iivo
Niskanen
96%
8.1.hiihdon Tour de SkiKerttu
Niskanen
96%
26.3.maastohiihdon maailmancup 2022-2023:
normaalimatkat
Kerttu
Niskanen
96%
23.8.
yleisurheilun MM:
seiväshyppy
Wilma
Murto
92%
4.3.yleisurheilun sisäratojen EM:
seiväshyppy
Wilma
Murto
92%
29.10.rallin MMKalle
Rovanperä
86%
5.3.yleisurheilun sisäratojen EM:
60 m aidat
Reetta
Hurske
74%
3.3.hiihdon MM:
4x10 km viesti
Perttu
Hyvärinen
70%
15.7.vammaisyleisurheilun MM:
100 m ratakelaus (T54)
Leo-Pekka
Tähti
64%
3.3.hiihdon MM:
4x10 km viesti
Ristomatti
Hakola
62%
14.7.yleisurheilun sisäratojen EM:
7-ottelu
Saga
Vanninen
62%
3.3.hiihdon MM:
4x10 km viesti
Niko
Anttola
60%
15.7.yleisurheilun sisäratojen EM:
keihäänheitto
Topias
Laine
50%
14.7.yleisurheilun sisäratojen EM:
moukari
Silja
Kosonen
46%
14.7.yleisurheilun sisäratojen EM:
5 000 m
Eemil
Helander
42%
28.1.jäätanssin EMJuulia
Turkkila
42%
29.10.rallin MMJonne
Halttunen
40%
28.1.jäätanssin EMMatthias
Versluis
40%
5.11.judon EMMartti
Puumalainen
36%
14.7.
vammaisyleisurheilun MM:
100 m ratakelaus (T54)
Amanda
Kotaja
34%
13.7.yleisurheilun sisäratojen EM:
kuula
Emilia
Kangas
26%
21.5.suunnistuksen TiomilaTampereen Pyrintö
24%
17.6.suunnistuksen Venlojen viestiKalevan Rasti
22%
16.7.yleisurheilun sisäratojen EM:
seiväshyppy
Juho
Alasaari
20%
11.7.vammaisyleisurheilun MM:
keihäänheitto (F34)
Marjaana
Heikkinen
18%
16.7.suunnistuksen MM:
viesti
Olli
Ojanaho
18%
13.7.suunnistuksen MM:
pitkä matka
Olli
Ojanaho
18%
1.4.muodostelmaluistelun MMHelsinki Rockettes
16%
12.7.yleisurheilun sisäratojen EM:
20 km kävely
Jerry
Jokinen
16%
28.5.joukkuevoimistelun EMMinetit
| Tampereen Sisu
14%
14.7.yleisurheilun sisäratojen EM:
kolmiloikka
Jessica
Kähärä
14%
30.1.X Games:
freeskin superpipe
Jon
Sallinen
14%
4.3.freestylen MM:
half-pipe
Jon
Sallinen
14%
16.7.vammaisyleisurheilun MM:
100 m ratakelaus (T51)
Toni
Piispanen
14%
17.7.vammaisyleisurheilun MM:
200 m ratakelaus (T51)
Toni
Piispanen
14%
16.7.yleisurheilun sisäratojen EM:
keihäänheitto
Anni-Linnea
Alanen
12%
14.7.yleisurheilun sisäratojen EM:
800 m
Veera
Mattila
12%
18.6.suunnistuksen Jukolan viestiHelsingin Suunnistajat
10%
16.7.suunnistuksen MM:
viesti
Miika
Kirmula
8%
16.7.vammaisyleisurheilun MM:
kuula (F57)
Teijo
Kööpikkä
6%
28.5.joukkuevoimistelun EMGloria
| Elise Gymnastics & Pakilan voimistelijat
4%
1.4.muodostelmaluistelun MMTeam Unique
4%
28.8.squashin EMEmilia
Soini
4%
26.1.kelkkasuurpujottelun MMNette
Kiviranta
4%
16.7.suunnistuksen MM:
viesti
Topi
Syrjäläinen
4%

Tulosjakauma

Persentiili vastausten määrän mukaan

Jokaisen tuloksen saaneiden osuus

Tuloshistoriasi

Et ole pelannut tätä visaa sen viimeisimmän päivityksen jälkeen